Parábolas

Gespeichert in:
Bibliographische Detailangaben
1. Verfasser: Rodó, José Enrique
Format: Buch
Sprache:Undetermined
Veröffentlicht: Buenos Aires, Argentina Kapeluz 1959
Ausgabe:2
Schlagworte:
Tags: Tag hinzufügen
Keine Tags, Fügen Sie den ersten Tag hinzu!

MARC

LEADER 00000nam a2200000Ia 4500
008 170316s9999 xx 000 0 und d
040 |a cru BVZT 
090 |a 860 R-16p 
100 |a Rodó, José Enrique 
245 |a Parábolas 
250 |a 2 
260 |a Buenos Aires, Argentina 
260 |b Kapeluz 
260 |c 1959 
300 |a 111 páginas 
650 |a LITERATURA LATINOAMERICANA 
999 |c 9138  |d 9138 
942 |c 15 D  |h 860 R-16p  |2 z